000 00705nab a2200217u 4500
001 21890
003 HDC
007 c| |||a|c|aaaa
008 210308b20110623my ||||o |||| 00| 0 eng d
040 _aHDC
245 0 _aSpain: Export Demand Driving Spanish Halal Food Sector
336 _atext
_2rdacontent
337 _acomputer
_2rdamedia
338 _aonline resource
_2rdacarrier
650 _aEuropean food market
_919210
650 _ahalal trademark
_919211
856 _zRequest full-text at [email protected]
942 _2lcc
942 _cNEWS
942 _kNWS0 005011
999 _c19206
_d19206